00408nam a2200109Ia 4500008004100000020002200041100002500063245012200088260004900210300002800259650001100287200907s9999 xx 000 0 und d a978-971-98-1207-4 aGo-Monilla, Peter R. cPeter R. Go-Monilla, Kristoffer Kiel M. Santos, Kimson Gener G. Kong, Ronnie M. GillegoaEthics:ba modular approach/ aQuezon City:bC and E Publishing, Inc.c2019 aviii, 263 pagesc22 cm. aEthics